[Event "Padova op 8th"]
[Site "Padova"]
[Date "2005.12.10"]
[Round "1"]
[White "Cipolotti, Piersilvio"]
[Black "D'Innocente, Stefano"]
[Result "1/2-1/2"]
[WhiteElo "1703"]
[BlackElo "2262"]
[PlyCount "87"]
[EventDate "2005.12.10"]
[EventType "swiss"]
[EventRounds "9"]
[EventCountry "ITA"]
[SourceTitle "EXT 2008"]
[Source "ChessBase"]
[SourceDate "2007.11.25"]
[SourceVersion "1"]
[SourceVersionDate "2007.11.25"]
[SourceQuality "1"]

1. Nf3 d5 2. g3 g6 3. Bg2 Bg7 4. 0-0 e5 5. d3 Ne7 6. Nbd2 Nbc6 7. e4 0-0 8. c3 a5 9. h3 h6 10. Nh2 Be6 11. f4 Qd7 12. h4 Rad8 13. h5 Kh7 14. Qe2 f5 15. hxg6+ Nxg6 16. exf5 Rxf5 17. fxe5 Ncxe5 18. d4 Ng4 19. Nxg4 Rxf1+ 20. Nxf1 Bxg4 21. Qc2 Bf5 22. Qd1 Re8 23. Ne3 Be4 24. Qg4 Qxg4 25. Nxg4 Bxg2 26. Kxg2 c6 27. Ne3 h5 28. Bd2 Bh6 29. Re1 Re4 30. Nf1 Rxe1 31. Bxe1 Bc1 32. b3 Kg7 33. Bd2 Bb2 34. Ne3 Kf6 35. g4 hxg4 36. Nxg4+ Kf5 37. Kf3 b6 38. Nh6+ Ke6 39. Kg4 Ne7 40. Kg5 c5 41. dxc5 bxc5 42. Ng4 Nc6 43. Kf4 Kd6 44. Ne3 1/2-1/2

[Event "Pedavena op 1st"]
[Site "Pedavena"]
[Date "2005.08.03"]
[Round "1"]
[White "Quaranta, Cristiano"]
[Black "Cipolotti, Piersilvio"]
[Result "1-0"]
[WhiteElo "2026"]
[BlackElo "1700"]
[PlyCount "79"]
[EventDate "2005.08.03"]
[EventType "swiss"]
[EventRounds "6"]
[EventCountry "ITA"]
[SourceTitle "EXT 2007"]
[Source "ChessBase"]
[SourceDate "2006.11.23"]
[SourceVersion "1"]
[SourceVersionDate "2006.11.23"]
[SourceQuality "1"]

1. e4 Nc6 2. d4 e5 3. d5 Nce7 4. Nf3 Ng6 5. Nc3 Bc5 6. Be2 d6 7. Na4 Bb6 8. Nxb6 axb6 9. 0-0 Nf6 10. Qd3 Nh5 11. g3 Bg4 12. Kg2 0-0 13. h3 Bd7 14. Ng5 Nf6 15. b3 h6 16. Nf3 Nh7 17. Bb2 f5 18. Nd2 f4 19. Nf3 Ng5 20. Rh1 Nxf3 21. Bxf3 fxg3 22. fxg3 Qg5 23. Kh2 Nh8 24. Rhf1 Nf7 25. Qe2 Qe7 26. Bg2 Ng5 27. a4 Rxf1 28. Rxf1 Rf8 29. Bc1 Rxf1 30. Qxf1 Qf6 31. Qxf6 gxf6 32. h4 Nf7 33. Bh3 Bxh3 34. Kxh3 Kg7 35. Kg4 Kg6 36. h5+ Kg7 37. Kf5 Nd8 38. Be3 b5 39. axb5 b6 40. b4 1-0

[Event "Padua Province-ch"]
[Site "Monselice"]
[Date "2005.01.16"]
[Round "6"]
[White "Cipolotti, Piersilvio"]
[Black "Quaranta, Gaetano"]
[Result "1/2-1/2"]
[WhiteElo "1691"]
[BlackElo "1751"]
[PlyCount "95"]
[EventDate "2005.01.08"]
[EventType "swiss"]
[EventRounds "6"]
[EventCountry "ITA"]
[SourceTitle "EXT 2024"]
[Source "ChessBase"]
[SourceDate "2023.10.10"]
[SourceVersion "1"]
[SourceVersionDate "2023.10.10"]
[SourceQuality "1"]

1. Nf3 Nf6 2. g3 g6 3. Bg2 Bg7 4. 0-0 0-0 5. d3 d5 6. Nbd2 b6 7. e4 dxe4 8. dxe4 Nbd7 9. Nh4 e5 10. Re1 Bb7 11. Qe2 a5 12. a4 Nc5 13. b3 Qd4 14. Ba3 Ba6 15. Bxc5 Qxc5 16. c4 Rad8 17. Rad1 Bc8 18. h3 Nh5 19. Nf1 Qe7 20. Ne3 Be6 21. Nd5 Qc5 22. Qe3 Qxe3 23. Rxe3 Kh8 24. Red3 Rd7 25. Nc3 Rxd3 26. Rxd3 Nf6 27. Nf3 Nd7 28. Nd5 c6 29. Ne7 c5 30. Nd5 f5 31. Nd2 fxe4 32. Nxe4 Bf5 33. Ne7 Bxe4 34. Bxe4 Nf6 35. f3 Nxe4 36. fxe4 Bf6 37. Nd5 Rd8 38. Kf2 Kg7 39. Ke2 Rd6 40. Ne3 Rd4 41. Rxd4 exd4 42. Nd5 Bd8 43. Kf3 Kf7 44. Kf4 Ke6 45. e5 h6 46. g4 Bg5+ 47. Ke4 Bd8 48. Kf4 1/2-1/2

[Event "Padua Province-ch"]
[Site "Monselice"]
[Date "2005.01.15"]
[Round "4"]
[White "Cipolotti, Piersilvio"]
[Black "Vastano, Ciro"]
[Result "0-1"]
[WhiteElo "1691"]
[BlackElo "1652"]
[PlyCount "74"]
[EventDate "2005.01.08"]
[EventType "swiss"]
[EventRounds "6"]
[EventCountry "ITA"]
[SourceTitle "EXT 2024"]
[Source "ChessBase"]
[SourceDate "2023.10.10"]
[SourceVersion "1"]
[SourceVersionDate "2023.10.10"]
[SourceQuality "1"]

1. Nf3 e6 2. g3 Nf6 3. Bg2 d5 4. 0-0 Bd6 5. d3 0-0 6. Nbd2 Nbd7 7. e4 e5 8. Nh4 c6 9. Nf5 Bc7 10. Ne3 Nb6 11. f4 exf4 12. gxf4 d4 13. Nec4 Bg4 14. Bf3 Bh3 15. Nxb6 axb6 16. Bg2 Bxg2 17. Kxg2 Ra5 18. f5 Qd6 19. Nf3 Qd8 20. Bg5 h6 21. Bh4 g5 22. fxg6 fxg6 23. Bg3 Bxg3 24. hxg3 Ng4 25. Qd2 Ne3+ 26. Kg1 Nxf1 27. Rxf1 Kg7 28. a3 Rh5 29. Kg2 Qd7 30. Nh4 Rxf1 31. Kxf1 Qg4 32. Qf2 c5 33. Qe1 Re5 34. Qf2 Re7 35. Qf3 Rf7 36. Nf5+ gxf5 37. Qxg4+ fxg4+ 0-1

[Event "Padova op-A 6th"]
[Site "Padova"]
[Date "2003.12.15"]
[Round "3.12"]
[White "Cipolotti, Piersilvio"]
[Black "Canazza, Alessandro"]
[Result "0-1"]
[WhiteElo "1591"]
[BlackElo "1594"]
[PlyCount "76"]
[EventDate "2003.12.13"]
[EventType "swiss"]
[EventRounds "9"]
[EventCountry "ITA"]
[SourceTitle "EXT 2024"]
[Source "ChessBase"]
[SourceDate "2023.10.10"]
[SourceVersion "1"]
[SourceVersionDate "2023.10.10"]
[SourceQuality "1"]

1. Nf3 c5 2. g3 Nc6 3. Bg2 g6 4. 0-0 Bg7 5. d3 Nf6 6. e4 0-0 7. c3 d6 8. h3 Rb8 9. Nh2 Bd7 10. f4 Qc8 11. g4 e6 12. h4 Ne8 13. h5 Nc7 14. g5 d5 15. e5 Re8 16. Ng4 d4 17. c4 a6 18. Nf6+ Bxf6 19. gxf6 Kh8 20. Kf2 b5 21. b3 bxc4 22. bxc4 Nb4 23. Rh1 Bc6 24. Bxc6 Nxc6 25. Qg4 Rg8 26. Qh4 g5 27. fxg5 Nxe5 28. g6 Nxd3+ 29. Ke2 Nxc1+ 30. Kd2 Qb7 31. g7+ Rxg7 32. fxg7+ Kg8 33. Na3 Qb4+ 34. Kxc1 Qb2+ 35. Kd1 Qxa1+ 36. Kd2 Qc3+ 37. Kd1 Qxa3 38. Qe4 Qxa2 0-1

[Event "Padova op-A 6th"]
[Site "Padova"]
[Date "2003.12.14"]
[Round "2.10"]
[White "Roberti, Ignazio"]
[Black "Cipolotti, Piersilvio"]
[Result "1/2-1/2"]
[WhiteElo "1990"]
[BlackElo "1591"]
[PlyCount "100"]
[EventDate "2003.12.13"]
[EventType "swiss"]
[EventRounds "9"]
[EventCountry "ITA"]
[SourceTitle "EXT 2024"]
[Source "ChessBase"]
[SourceDate "2023.10.10"]
[SourceVersion "1"]
[SourceVersionDate "2023.10.10"]
[SourceQuality "1"]

1. e4 Nc6 2. Nf3 d6 3. b3 Nf6 4. Nc3 e5 5. Bb2 Bg4 6. Be2 Be7 7. 0-0 0-0 8. d3 Qc8 9. a3 Nd8 10. d4 Bxf3 11. Bxf3 exd4 12. Qxd4 Nc6 13. Qd2 Ne5 14. Be2 a6 15. f4 Ng6 16. Rae1 Qd7 17. Bd1 Rae8 18. Nd5 Nxd5 19. Qxd5 Qb5 20. Qd2 Rd8 21. c4 Qd7 22. Bh5 Rfe8 23. Rd1 Qc8 24. Kh1 Bf8 25. Qd5 Nh8 26. f5 c6 27. Qd3 Qc7 28. g4 Be7 29. g5 Bxg5 30. Rg1 Bh6 31. Qg3 g6 32. Bf6 Rd7 33. Qc3 Re5 34. Bxe5 dxe5 35. Rxd7 Qxd7 36. Qxe5 Bg7 37. f6 Bf8 38. Bg4 Qd3 39. Rd1 Qxb3 40. Rd8 Qxa3 41. c5 Qc1+ 42. Bd1 Qh6 43. Rd7 Qh3 44. Qd4 Qf1+ 45. Qg1 Qxf6 46. Rxb7 Kg7 47. Ra7 Qe5 48. Rxa6 Qxe4+ 49. Qg2 Qe1+ 50. Qg1 Qh4 1/2-1/2

[Event "Padova op-A 6th"]
[Site "Padova"]
[Date "2003.12.13"]
[Round "1.8"]
[White "Cipolotti, Piersilvio"]
[Black "Sartori, Spartaco"]
[Result "0-1"]
[WhiteElo "1591"]
[BlackElo "2177"]
[PlyCount "78"]
[EventDate "2003.12.13"]
[EventType "swiss"]
[EventRounds "9"]
[EventCountry "ITA"]
[SourceTitle "EXT 2024"]
[Source "ChessBase"]
[SourceDate "2023.10.10"]
[SourceVersion "1"]
[SourceVersionDate "2023.10.10"]
[SourceQuality "1"]

1. Nf3 Nf6 2. g3 g6 3. Bg2 Bg7 4. 0-0 0-0 5. d3 d5 6. Nbd2 Nc6 7. e4 e5 8. c3 a5 9. a3 a4 10. h3 h6 11. Kh2 Be6 12. Ng1 dxe4 13. dxe4 g5 14. Qc2 Na5 15. Rd1 Qe7 16. Ngf3 Nd7 17. Ne1 Nc5 18. Nd3 Nxd3 19. Qxd3 Rfd8 20. Qe2 Qd7 21. Re1 Ra6 22. Nf1 Nb3 23. Rb1 Rd6 24. Be3 b5 25. f4 exf4 26. gxf4 gxf4 27. Bxf4 Rd3 28. Qh5 Kh7 29. Ng3 Nd2 30. e5 Rxg3 31. Bxg3 Nxb1 32. Be4+ Kg8 33. Bxb1 Qd2+ 34. Re2 Qd1 35. Bc2 Qc1 36. Bf4 Bd5 37. Be4 Bxe4 38. Rxe4 Rd2+ 39. Re2 Qd1 0-1

[Event "Veneto-ch qf 63rd"]
[Site "Arqua Petrarca"]
[Date "2003.05.11"]
[Round "5.24"]
[White "Cipolotti, Piersilvio"]
[Black "Morganti, Lionello"]
[Result "0-1"]
[WhiteElo "1612"]
[BlackElo "1636"]
[PlyCount "72"]
[EventDate "2003.05.03"]
[EventType "swiss"]
[EventRounds "6"]
[EventCountry "ITA"]
[SourceTitle "EXT 2024"]
[Source "ChessBase"]
[SourceDate "2023.10.10"]
[SourceVersion "1"]
[SourceVersionDate "2023.10.10"]
[SourceQuality "1"]

1. Nf3 Nf6 2. g3 g6 3. Bg2 Bg7 4. 0-0 c5 5. d3 d5 6. Nbd2 Nc6 7. c3 b6 8. e4 dxe4 9. dxe4 Bb7 10. h3 0-0 11. Nh2 Qc7 12. f4 Rfd8 13. Ng4 Rd3 14. Nxf6+ exf6 15. Rf3 Rad8 16. Rxd3 Rxd3 17. Qe1 Qd7 18. Kh2 Na5 19. Bf1 Rd6 20. Bg2 Ba6 21. b4 cxb4 22. cxb4 Nc6 23. Nf3 Rd1 24. Qc3 Rd3 25. Qe1 Nd4 26. Qf2 Nxf3+ 27. Bxf3 Bb7 28. Be3 f5 29. e5 Bxf3 30. Qxf3 Qc7 31. a3 Qc3 32. Qa8+ Bf8 33. Qxa7 Qb2+ 34. Kh1 Qxa1+ 35. Bg1 Rxg3 36. Qxb6 Qf1 0-1

[Event "Veneto-ch qf 63rd"]
[Site "Arqua Petrarca"]
[Date "2003.05.04"]
[Round "3.18"]
[White "Cipolotti, Piersilvio"]
[Black "Marson, Luca"]
[Result "1/2-1/2"]
[WhiteElo "1612"]
[BlackElo "1690"]
[PlyCount "85"]
[EventDate "2003.05.03"]
[EventType "swiss"]
[EventRounds "6"]
[EventCountry "ITA"]
[SourceTitle "EXT 2024"]
[Source "ChessBase"]
[SourceDate "2023.10.10"]
[SourceVersion "1"]
[SourceVersionDate "2023.10.10"]
[SourceQuality "1"]

1. Nf3 Nf6 2. g3 g6 3. Bg2 Bg7 4. 0-0 0-0 5. d3 d6 6. e4 c5 7. Nbd2 Nc6 8. c3 Bd7 9. Ne1 Rb8 10. f4 b5 11. h3 b4 12. c4 Ne8 13. g4 f5 14. exf5 gxf5 15. g5 e5 16. Ndf3 Nc7 17. h4 Ne6 18. fxe5 dxe5 19. Rb1 Ncd4 20. Nh2 Qe8 21. Kh1 Bc6 22. h5 Bxg2+ 23. Nxg2 Qc6 24. h6 Bh8 25. Qh5 Qe8 26. Qxe8 Rbxe8 27. Nh4 Ne2 28. Rf2 N2f4 29. Bxf4 Nxf4 30. Rd1 Rd8 31. Rfd2 Ng6 32. Nxg6 hxg6 33. Kg2 Rd7 34. Kf2 Rfd8 35. Nf3 a5 36. b3 a4 37. Ke2 axb3 38. axb3 Ra8 39. Ke3 Ra3 40. Rb1 Kf7 41. Ke2 f4 42. Nh4 Rd4 43. Nf3 1/2-1/2

[Event "Veneto-ch qf 63rd"]
[Site "Arqua Petrarca"]
[Date "2003.05.03"]
[Round "1.11"]
[White "Cipolotti, Piersilvio"]
[Black "Solinas, Carlo"]
[Result "0-1"]
[WhiteElo "1612"]
[BlackElo "2089"]
[PlyCount "48"]
[EventDate "2003.05.03"]
[EventType "swiss"]
[EventRounds "6"]
[EventCountry "ITA"]
[SourceTitle "EXT 2024"]
[Source "ChessBase"]
[SourceDate "2023.10.10"]
[SourceVersion "1"]
[SourceVersionDate "2023.10.10"]
[SourceQuality "1"]

1. Nf3 f5 2. g3 Nf6 3. Bg2 e6 4. 0-0 Be7 5. d3 0-0 6. Nbd2 d5 7. Qe1 Nc6 8. a3 e5 9. e4 fxe4 10. dxe4 d4 11. h4 Ng4 12. Bh3 Be6 13. Kg2 Qd7 14. Rh1 d3 15. Bxg4 Bxg4 16. cxd3 Bc5 17. b4 Bxf2 18. Qxf2 Nd4 19. Rd1 Nxf3 20. Nxf3 Bxf3+ 21. Qxf3 Rxf3 22. Kxf3 Qh3 23. Rg1 Rf8+ 24. Ke3 Qh2 0-1